000 00438nam a22001817a 4500
999 _c532183
_d532183
003 NUST
005 20191112111511.0
008 191112b ||||| |||| 00| 0 eng d
020 _a9385039016
024 _a978-9385039010
038 _aMSOHAIL
082 _a0
100 _aS. C. Rangwala
_925523
245 _aValuation Of Real Properties
260 _aNew Delhi
_bCHAROTAR PUB HOUSE
_cc2011
300 _ap;624
942 _2ddc
_cBK